|
|
|
|
| LEADER |
00000nas a2200000 i 4500 |
| 001 |
ssj0000394882 |
| 003 |
WaSeSS |
| 005 |
20200512172242.0 |
| 006 |
m d |
| 007 |
cr n |
| 008 |
101015c20079999sp fr pss 0 b0spa c |
| 010 |
|
|
|a 2018226812
|
| 022 |
|
|
|a 1989-9742
|l 1139-1723
|
| 035 |
|
|
|a (WaSeSS)ssj0000394882
|
| 040 |
|
|
|a CCT
|b eng
|c CCT
|d OCLCQ
|d OCLCF
|d OCLCO
|d AU@
|d OCLCQ
|d FUG
|d WaSeSS
|
| 042 |
|
|
|a pcc
|
| 130 |
0 |
|
|a Pedagogia social (Online)
|
| 210 |
1 |
|
|a Pedagog. soc.
|b (Internet)
|
| 222 |
|
0 |
|a Pedagogía social
|b (Internet)
|
| 245 |
1 |
0 |
|a Pedagogia social
|h [electronic resource].
|
| 246 |
1 |
0 |
|a Pedagogia social revista interuniversitaria
|
| 246 |
1 |
0 |
|a PSRI
|
| 260 |
|
|
|a Madrid :
|b Sociedad Iberoamericana de Pedagogia Social,
|c <2007>-
|
| 310 |
|
|
|a Two numbers per year,
|b 2012-
|
| 321 |
|
|
|a Annual,
|b <2007>-2011
|
| 362 |
1 |
|
|a Began in 1986, online available starting in 2007, exclusively online since 2012.
|
| 500 |
|
|
|a "Journal of research in social pedagogy".
|
| 500 |
|
|
|a Some issues can be downloaded in either an English or Iberian edition, individual article links give the selection of languages available for each article.
|
| 506 |
|
|
|a License restrictions may limit access.
|
| 515 |
|
|
|a Each issue also carries a thematic title.
|
| 520 |
|
|
|a "Pedagogia Social. Revista Interuniversitaria addresses emerging issues in the field of social pedagogy and social education (in and out of school), social work and social services."--website, viewed November 5, 2018.
|
| 520 |
0 |
|
|a Topics covered include: cultural, socio-cultural, community development, political and socio-educational programs, maladjustment, social integration and exclusion, leisure, social and school violence, adult, elderly, gender, training and professionalization."--website, viewed November 5, 2018.
|
| 520 |
2 |
|
|a "Its main aim is to display original research findings about Social Pedagogy and Social Education performed at national and international level, being a medium of expression to facilitate access to quality and accredited scientific papers intended for professionals, teachers at different levels and researchers interested in the aspects of social and educational context."--website, viewed November 5, 2018.
|
| 540 |
|
|
|a An open-access journal.
|
| 546 |
|
|
|a "PSRI is a bilingual publication (Spanish or Portuguese and English)".
|
| 588 |
|
|
|a Description based on: No. 14 (2007); title from screen, viewed November 5, 2008.
|
| 588 |
|
|
|a Latest issue consulted: No 32 (2018), viewed November 5, 2018.
|
| 650 |
|
0 |
|a Education
|x Study and teaching
|v Periodicals.
|
| 650 |
|
7 |
|a Education
|x Study and teaching.
|2 fast
|0 (OCoLC)fst00902796
|
| 655 |
|
0 |
|a Electronic journals.
|
| 710 |
2 |
|
|a Asociación Iberoamericana de Pedagogía Social.
|
| 856 |
4 |
0 |
|z Full text available from Research Library: 01/01/2010 to present
|u https://search.proquest.com/publication/996330
|